Statistics for Numbers in the Year 2015

Click here to take the quiz!

General Stats

  • This quiz has been taken 72 times
  • The average score is 37 of 49

Answer Stats

#% Correct
1
100%
2
100%
5
98%
0
97%
20
95%
21
93%
25
93%
10
92%
15
92%
12
90%
52
90%
50
89%
201
87%
51
87%
215
82%
521
80%
102
79%
105
79%
205
79%
501
77%
502
77%
512
77%
520
77%
120
75%
125
75%
150
75%
152
74%
510
74%
210
72%
250
72%
251
70%
5210
70%
1052
67%
2015
67%
5012
67%
5201
67%
2105
66%
1025
64%
1502
64%
2051
64%
5021
64%
1205
62%
5102
62%
2150
61%
5120
61%
1250
59%
1520
57%
2501
54%
2510
52%

Score Distribution

Percentile by Number Answered

Percent of People with Each Score

Your Score History

You have not taken this quiz